LEADER 00874nam0-22002891--450- 001 990008836000403321 005 20090406104651.0 035 $a000883600 035 $aFED01000883600 035 $a(Aleph)000883600FED01 035 $a000883600 100 $a20090406d1956----km-y0itay50------ba 101 0 $afre 102 $aCH 105 $ay-------001yy 200 1 $a<>crime de genocide$ethese presentee a la Faculte de droit de l'Universite de Fribourg (Suisse) pour l'obtention du grade de docteur en droit$fpar Antonio Planzer 210 $aSt. Gallen$cSchwald AG$d1956 215 $a210 p.$d24 cm 676 $a179 700 1$aPlanzer,$bAntonio$0505405 801 0$aIT$bUNINA$gRICA$2UNIMARC 901 $aBK 912 $a990008836000403321 952 $aDissertaz. Z 5$b57803$fFGBC 959 $aFGBC 996 $aCrime de genocide$9805231 997 $aUNINA LEADER 01141nam0-2200385li-450 001 990000251930203316 005 20180312154739.0 010 $a88-339-5104-9 035 $a0025193 035 $aUSA010025193 035 $a(ALEPH)000025193USA01 035 $a0025193 100 $a20001109d1993----km-y0itay0103----ba 101 0 $aita 102 $aIT 200 1 $aFisica atomica$fMax Born$g[traduzione di Renzo Cirelli] 205 $a2. ed. riveduta e ampliata 210 $aTorino$cBollati Boringhieri$dcopyr. 1993 215 $a571 p.$cill.$d21 cm 312 $aTrad. di: atomic physics 610 1 $aFisica atomica 676 $a5397$9Fisica atomica e nucleare 700 1$aBorn,Max$0745670 801 $aSistema bibliotecario di Ateneo dell' Università di Salerno$gRICA 912 $a990000251930203316 951 $a539.7 BOR (B)$b0022886 959 $aBK 969 $aSCI 979 $c19981129 979 $c20001110$lUSA01$h1715 979 $c20020403$lUSA01$h1633 979 $aPATRY$b90$c20040406$lUSA01$h1618 979 $aPATRY$b90$c20070626$lUSA01$h1524 996 $aFisica atomica$91487500 997 $aUNISA